| 000 | 00591nam a22002177a 4500 | ||
|---|---|---|---|
| 001 | 0205684020 | ||
| 003 | DO-SdBNP | ||
| 005 | 20180220111406.0 | ||
| 007 | 0205684020 | ||
| 008 | 161206b 1976 sp a ||||| |||| 00| 0 spa d | ||
| 020 | _a039515023X | ||
| 020 | _a0395159938 | ||
| 040 |
_aBPMSU _bspa _cBPMSU |
||
| 100 | 1 | _aRey, H. A. | |
| 245 | 1 | 0 |
_aCurious George / _cby H.A. Rey. |
| 260 |
_aBoston, Mass. : _bHoughton Mifflin, _c1976. |
||
| 300 |
_a56 p. : _bil. ; _c25 cm. |
||
| 942 |
_2ddc _cBK |
||
| 945 | _aInventariado , 2018/MFF | ||
| 956 |
_2LOPEREZ _310 _620161206 _8BPMSU _a00041 |
||
| 999 |
_c12326 _d12326 |
||